02414 ab a2200721 4500003000900000005001700009008004100026022001300067040001800080041001300098080001100111245010300122246002400225260005200249300002600301440003000327505001300357505003100370505005700401505002500458505003900483505001700522505002100539505002200560505001900582505002500601505004000626505003000666505002600696505002500722505002200747505003100769505001800800505001100818505004200829505002700871505004600898505003200944505002100976505002700997505001901024505003101043505003701074505002701111505004201138505003501180505003901215505001401254505005701268505006901325505003701394600002401431648001401455650003101469650001501500650002601515650002801541650002501569650002301594650001301617650001101630773005101641AR-RoUNA20260605101714.0140529c1994||||sp|ade|f |001 0bspa d a02125683 aAR-RoUNAbspa1 aspaaeng a72.03600a Tadao Ando : b 1983-1989 /ceditores y directores: Richard Levene y Fernando Márquez Cecilia 32aEl Croquis nnº 44 aMadrid, España :bEl Croquis Editorial,c1992 a204 p. :bil.c33 cm.3 aEl CroquisxISSN 021256830 tÍNDICE0 tTadao Ando:1983 / 1990 p.40 tTadao Ando / Composición Espacial y Naturaleza p.50 t20 Obras y Proyectos0 tCaracterísticas Inherentes p.21 0 aCasa Koshino0 aVivienda Rokko I0 aVivienda Rokko II0 aTime´s I y II0 aMuseo de los Niños0 tNaturaleza hecha Abstracción p.670 aCapilla en el Monte Rokko0 aIglesia sobre el Agua0 aTeatro sobre el Agua0 aIglesia de la Luz0 tNaturaleza Encerrada p.1070 aCasa Kidosaki0 aCasa I0 tNaturaleza que ha sido Filtrada p.1350 aCasa Bloques de Vidrio0 aPabellón principal parala Feria Tennoji0 tNaturaleza que Invade p.1470 aProyecto Shibuya0 aTaller de Yoshie Inaba0 aGalería Akka0 tNaturaleza que Flota p.1670 aSalón Conmemorativo Natsukawa 0 aEdificio Sede de Raika0 tEspacios y Tiempos superpuestos p.1770 aProyecto Nakanoshima Urbam Egg0 aProyecto Nakanoshima Space Strata 0 tCRÍTICA0 aJosé L. González / La arquitectura sin Velos p.70 aAlain Bretagnolle / El mensaje intemporal de la Naturaleza p.1860 aFrederic Schoeller / Luz Cursiva 0aAndo, Tadao d1941-4 a1983-19924 aArquitectura contemporanea4 aBiografias4 aArquitectos japoneses4 aViviendas unifamiliares4 aCentros comunitarios4 aCentros Culturales4 aCapillas4 aMuseos0 aEl CroquisdMadrid, Españagnº 44x02125683